| 000 | 00000nas 2200000za 4500 |
| 001 | 9.846389 |
| 003 | CaOODSP |
| 005 | 20221107153206 |
| 007 | cr ||||||||||| |
| 008 | 171031d19371949oncar pso f0###a0eng|d |
| 040 | |aCaOODSP|beng |
| 043 | |an-cn--- |
| 086 | 1 |aR1-91E-PDF |
| 110 | 1 |aCanada.|bIndigenous and Northern Affairs Canada. |bIndian Affairs Branch. |
| 245 | 10|aReport of Indian Affairs Branch for the fiscal year ended ... |h[electronic resource]. |
| 246 | 13|aReport of Indian Affairs Branch |
| 260 | |aOttawa : |bIndian Affairs Branch, |c1938-[1949] |
| 310 | |aAnnual |
| 362 | 1 |aBegan with 1937; ceased with 1949. |
| 500 | |aTranscript of original print publication. |
| 500 | |aCover title. |
| 692 | 07|2gccst|aAboriginal affairs |
| 780 | 00|tAnnual report of the Department of Indian Affairs for the year ended 31st December, ... |w(CaOODSP)9.846380 |
| 785 | 00|tReport of Indian Affairs Branch for the fiscal year ended ... |w(CaOODSP)9.846394 |